00449 a2200157 4500010001400000020002300014035001300037037001500050082001100065100002100076245005300097260004900150270004500199300002800244500001900272 aENG-87030 a0070666784c199.00 aEN-70563 bDBAD / PUB14a005.131 aBalagurusamy, E.1 aObject oriented programming /cby E.Balagurusamy aNew DelhibTata McGraw-Hill Publishingc2008 a7, West Patel Nagar,bNew Delhie110 008 axvi, 449 pc24 cm (Pbk) aIncludes index